UITU Library & LRC     

Understanding Fiber Optics (Record no. 8448)

MARC details
000 -LEADER
fixed length control field 00493nam a2200181Ia 4500
008 - FIXED-LENGTH DATA ELEMENTS--GENERAL INFORMATION
fixed length control field 240925s9999 xx 000 0 und d
020 ## - INTERNATIONAL STANDARD BOOK NUMBER
International Standard Book Number 136490700
082 ## - DEWEY DECIMAL CLASSIFICATION NUMBER
Classification number 521.3692 HEC
100 ## - MAIN ENTRY--PERSONAL NAME
Personal name Hecht , Jeff
245 #0 - TITLE STATEMENT
Title Understanding Fiber Optics
250 ## - EDITION STATEMENT
Edition statement 2nd
260 ## - PUBLICATION, DISTRIBUTION, ETC.
Place of publication, distribution, etc. New Jersey:
Name of publisher, distributor, etc. Printice- Hall Int.
Date of publication, distribution, etc. ,1993.
300 ## - PHYSICAL DESCRIPTION
Extent xxv,379p.
Other physical details NA
Type of unit Photocopy
500 ## - GENERAL NOTE
General note Includes Index
600 ## - SUBJECT ADDED ENTRY--PERSONAL NAME
Personal name Humanities & Natural Science
650 ## - SUBJECT ADDED ENTRY--TOPICAL TERM
Topical term or geographic name entry element Astronomy and allied sciences
942 ## - ADDED ENTRY ELEMENTS (KOHA)
Koha item type Books
Holdings
Withdrawn status Lost status Damaged status Not for loan Collection Home library Current library Date acquired Source of acquisition Cost, normal purchase price Total checkouts Full call number Barcode Date last seen Price effective from Koha item type
        Humanities & Basic Sciences UITU Library UITU Library 11/02/2004 Gifted 30.59   521.3692 HEC Q5949 09/25/2024 09/25/2024 Books

Powered by Koha